000 00514nam a2200181 i 4500
001 30925
003 ES-MaACL
005 20230906154257.0
007 t|
008 030127s1970 sp ||||1| spa d
100 1 _aBazin, Hervé.
_926750
245 1 3 _aEl matriarcado /
_cpor Hervé Bazin ; [traducción de Manuel Rosell].
250 _a[1ª ed.].
260 _aBarcelona :
_bPlaza & Janés,
_c[1970]
300 _a299 p. ;
_c20 cm.
700 1 _aRosell, Manuel.
_999684
852 _aES-MaACL
_jC-39893
_bR.74274
999 _c30925
_d30925